Geography Quiz

Random Geography or City Quiz

Extreme Geography Quiz Stats

 Plays Quiz not verified by Sporcle

Score 0/20 Timer 06:00
0 Plays Today
Question Answer % Correct
05. Off the coast of what country will you find Bonaire Island?Venezuela
50.3%
17. On what island can you find the cities of Qiongzhong and Changjiang?Hainan
50.3%
06. The city of N'Guigmi touches what lake?Lake Chad
39.3%
04. The mouth of what major river is found in Myanmar?Irrawaddy River
35.6%
08. What is the city at the southern tip of Baja California?Cabo
35%
09. In what country will you find the city of Faa'a?France (French Polynesia)
32.5%
01. What island, 11th largest in the world, contains the province of Gorantalo and 5 others?Sulawesi
31.9%
13. What type of delta is the Okavango? It is the largest in the world of its kind.Inland
25.2%
03. What major city will you find on the Absheron Peninsula?Baku
16%
18. In what country can you find the London Channel and the Bay of Wreaks?Kiribati
12.9%
Question Answer % Correct
02. What is the largest city that touches Lake Onega?Petrozavodsk
10.4%
12. What is Liechtenstein's 3rd largest municipality?Triesen
9.2%
15. In what country can you find the city of Camapuca?Angola
9.2%
11. Which city will you find at the intersection of Chile, Bolivia and Peru?Tripartito
7.4%
14. What is the name of Tunisia's largest lake?Chott el Djerid
6.7%
07. On what Cape Verde island will you find Ribeira Grande?São-Antao
6.1%
10. What is the name of the reservoir closest to the Afghani city of Khamyab?Zeid Reservoir
5.5%
20. In what National Forest can you find Scattered Rice Lake and Riley Lake?Nicolet National Forest
4.9%
16. What is the name of the largest coastal nature preserve in Suriname?Wia-Wia Nature Preserve
4.3%
19. What is the 2nd largest city on the Kamchatska Peninsula?Yelizovo
4.3%

You're not logged in!

Compare scores with friends on all Sporcle quizzes.
OR
Log In

Show Comments

Extras

Top Quizzes Today


Score Distribution

Your Account Isn't Verified!

In order to create a playlist on Sporcle, you need to verify the email address you used during registration. Go to your Sporcle Settings to finish the process.

Report this User

Report this user for behavior that violates our Community Guidelines.

Details: